|
|
|
|
| LEADER |
01028nam a2200361 4500 |
| 001 |
DLU030024683 |
| 005 |
##19960520163848.4 |
| 008 |
##941216s1996 njua 001 0 eng |
| 010 |
# |
# |
|a 94048751
|
| 020 |
# |
# |
|a 0133058220
|
| 035 |
# |
# |
|9 (DLC) 94048751
|
| 040 |
# |
# |
|a DLC
|c DLC
|d DLC
|
| 050 |
# |
# |
|a HF5635
|b .H8125 1996
|
| 082 |
# |
# |
|a 657
|b HO-C
|
| 100 |
# |
# |
|a Horngren, Charles T.,
|d 1926-
|
| 245 |
# |
# |
|a Accounting /
|c Charles T. Horngren, Walter T. Harrison, Jr., Michael A. Robinson.
|
| 250 |
# |
# |
|a 3rd ed.
|
| 260 |
# |
# |
|a Englewood Cliffs, N.J. :
|b Prentice Hall,
|c c1996.
|
| 300 |
# |
# |
|a xxvi, 1126, [60] p. :
|b col. ill. ;
|c 29 cm.
|
| 440 |
# |
# |
|a Prentice Hall series in accounting
|
| 500 |
# |
# |
|a Includes indexes.
|
| 650 |
# |
# |
|a Accounting.
|
| 700 |
# |
# |
|a Harrison, Walter T.
|
| 700 |
# |
# |
|a Robinson, Michael A.
|
| 992 |
# |
# |
|a 46080
|
| 994 |
# |
# |
|a DLU
|
| 900 |
# |
# |
|a True
|
| 911 |
# |
# |
|a Lê Thị Mạnh Xuân
|
| 925 |
# |
# |
|a G
|
| 926 |
# |
# |
|a A
|
| 927 |
# |
# |
|a SH
|
| 980 |
# |
# |
|a Thư viện Trường Đại học Đà Lạt
|